<?xml version="1.0" encoding="UTF-8"?>
<record
    xmlns:xsi="http://www.w3.org/2001/XMLSchema-instance"
    xsi:schemaLocation="http://www.loc.gov/MARC21/slim http://www.loc.gov/standards/marcxml/schema/MARC21slim.xsd"
    xmlns="http://www.loc.gov/MARC21/slim">

  <leader>00228nam a2200085   4500</leader>
  <controlfield tag="001">1240217</controlfield>
  <controlfield tag="005">20251008140414.0</controlfield>
  <datafield tag="245" ind1=" " ind2=" ">
    <subfield code="a">KIYAMET G&#xDC;N&#xDC;NE BE&#x15E; SAN&#x130;YE KALA VE D&#x130;&#x11E;ER DOSYALAR</subfield>
    <subfield code="c">SIMON CHESHIRE</subfield>
  </datafield>
  <datafield tag="260" ind1=" " ind2=" ">
    <subfield code="b">ALTIN K&#x130;TAPLARI</subfield>
  </datafield>
  <datafield tag="999" ind1=" " ind2=" ">
    <subfield code="c">1240217</subfield>
    <subfield code="d">1240217</subfield>
  </datafield>
  <datafield tag="952" ind1=" " ind2=" ">
    <subfield code="0">0</subfield>
    <subfield code="1">0</subfield>
    <subfield code="2">ddc</subfield>
    <subfield code="4">0</subfield>
    <subfield code="7">0</subfield>
    <subfield code="a">1058</subfield>
    <subfield code="b">1058</subfield>
    <subfield code="d">2025-10-08</subfield>
    <subfield code="l">0</subfield>
    <subfield code="o">&#xDC;7</subfield>
    <subfield code="p">1058104790</subfield>
    <subfield code="r">2025-10-08 14:05:22</subfield>
    <subfield code="w">2025-10-08</subfield>
    <subfield code="y">BK</subfield>
  </datafield>
</record>
